| 000 | 00587nam a2200193Ia 4500 | ||
|---|---|---|---|
| 005 | 20250508161241.0 | ||
| 008 | 008 250505s9999 xx 000 0 eng d | ||
| 037 | _aTextual | ||
| 040 |
_aFEDL _beng _cFEDL |
||
| 041 |
_aeng _2eng |
||
| 084 |
_a370.1, DOU _qFEDL |
||
| 100 |
_aDouglass Harl R. Ed. _9760427 |
||
| 245 | 0 | _aEducation for life adjustment : Its meaning and implementation | |
| 260 |
_aNew York, USA _bThe Ronald Press Company _c1950 |
||
| 300 | _aviii,491p | ||
| 650 | _aEducation - Philosophy | ||
| 942 |
_cTEXL _h370.1, DOU |
||
| 999 |
_c1369131 _d1369131 |
||